[Event "AUTO-OPEN-856"]
[Site "http://www.queenalice.com/game.php?id=282296"]
[Date "2007.10.6"]
[Round "1"]
[White "johntelker"]
[Black "eliskases"]
[Result "0-1"]
[WhiteElo "1808"]
[BlackElo "1889"]

1. d4 Nf6 2. Nf3 d5 3. e3 Bg4 4. Be2 e6 5. a3 Bd6 6. b4 O-O 7. Bb2 Nbd7 8. Nbd2
Nb6 9. c4 dxc4 10. Nxc4 Nxc4 11. Bxc4 c6 12. Be2 Qc7 13. g3 Rad8 14. Ne5 Bxe2
15. Qxe2 Bxe5 16. dxe5 Nd5 17. O-O Rd7 18. Rfd1 Rfd8 19. f4 Ne7 20. Rxd7 Qxd7
21. Bd4 b6 22. Rc1 Qd5 23. Qc4 Qf3 24. a4 Nf5 25. Qxc6 Nxd4 26. exd4 Qe3+ 27.
Kg2 Qxd4 28. Rc4 Qd2+ 29. Kh3 h5 30. Qc7 Rd3 0-1

[Event "AUTO-OPEN-856"]
[Site "http://www.queenalice.com/game.php?id=282297"]
[Date "2007.10.6"]
[Round "1"]
[White "eliskases"]
[Black "johntelker"]
[Result "1-0"]
[WhiteElo "1834"]
[BlackElo "1819"]

1. d4 Nf6 2. c4 c6 3. Nc3 d5 4. cxd5 cxd5 5. Nf3 e6 6. Bg5 Be7 7. e3 Bd7 8. Bd3
a6 9. Ne5 Bc6 10. O-O O-O 11. Rc1 Nbd7 12. f4 Rc8 13. Nxd7 Bxd7 14. Qf3 Re8 15.
f5 exf5 16. Bxf6 Bxf6 17. Nxd5 Bc6 18. Nxf6+ Qxf6 19. Qg3 Be4 20. Rxc8 Rxc8 21.
Bxe4 1-0

[Event "AUTO-OPEN-856"]
[Site "http://www.queenalice.com/game.php?id=282298"]
[Date "2007.10.6"]
[Round "1"]
[White "johntelker"]
[Black "MagnoBaiao"]
[Result "0-1"]
[WhiteElo "1869"]
[BlackElo "1757"]

1. d4 d5 2. Nf3 Nc6 3. e3 Nf6 4. Be2 e6 5. a3 Ne4 6. O-O Bd6 7. b4 e5 8. Bb2
exd4 9. Nxd4 Qg5 10. g3 Bh3 11. Re1 Nxg3 12. fxg3 Bxg3 0-1

[Event "AUTO-OPEN-856"]
[Site "http://www.queenalice.com/game.php?id=282299"]
[Date "2007.10.6"]
[Round "1"]
[White "MagnoBaiao"]
[Black "johntelker"]
[Result "0-1"]
[WhiteElo "1744"]
[BlackElo "1755"]

1. e4 e6 2. d4 d5 3. e5 Ne7 4. Nf3 Ng6 5. Bb5+ Bd7 6. Nc3 a6 7. Bg5 Be7 8. Bxe7
Qxe7 9. Bd3 Nc6 10. Qe2 Nb4 11. O-O Nxd3 12. Qxd3 Rc8 13. a3 b5 14. Rad1 c5 15.
dxc5 Rxc5 16. Qd4 O-O 17. b4 Rc4 18. Qd3 Rfc8 19. Ne2 Rxc2 20. Ned4 R2c3 21. Qb1
Rxa3 22. Nc2 Rac3 23. Rc1 h6 24. Ncd4 R3c4 25. Rfd1 Qxb4 0-1

[Event "AUTO-OPEN-858"]
[Site "http://www.queenalice.com/game.php?id=283241"]
[Date "2007.10.8"]
[Round "1"]
[White "johntelker"]
[Black "anderson_amorim89"]
[Result "0-1"]
[WhiteElo "1782"]
[BlackElo "1822"]

1. d4 d6 2. Nf3 e6 3. e3 Be7 4. Bd3 Nf6 5. Nbd2 Nbd7 6. b3 O-O 7. O-O c5 8. Bb2
b6 9. c4 Bb7 10. Re1 d5 11. dxc5 bxc5 12. Qc2 h6 13. Rad1 Qc7 14. e4 d4 15. Nxd4
cxd4 16. Bxd4 e5 17. Be3 Bc5 18. Bxc5 Nxc5 19. a3 Nxd3 20. Qxd3 Rfd8 21. Qc3 Rd4
22. c5 Rad8 23. f3 a5 24. b4 axb4 25. axb4 Ba6 26. Qb3 Rxd2 27. Rb1 Bb5 0-1

[Event "AUTO-OPEN-858"]
[Site "http://www.queenalice.com/game.php?id=283242"]
[Date "2007.10.8"]
[Round "1"]
[White "anderson_amorim89"]
[Black "johntelker"]
[Result "1-0"]
[WhiteElo "1826"]
[BlackElo "1786"]

1. e4 e6 2. d4 d5 3. e5 Ne7 4. Nf3 Ng6 5. Bd3 Be7 6. Be3 Nd7 7. Nbd2 a6 8. O-O
b6 9. h3 c5 10. c3 Bb7 11. Nh2 Qc7 12. Bxg6 hxg6 13. Ng4 O-O-O 14. Qa4 Kb8 15.
b4 b5 16. Qb3 c4 17. Qc2 Nb6 18. Nf3 Na4 19. a3 a5 20. Bd2 axb4 21. axb4 Bc6 22.
Rfb1 Be8 23. Bg5 Bxg5 24. Nxg5 Rf8 25. f4 Qd7 26. g3 f6 27. Nf3 Bf7 28. exf6
gxf6 29. Nxf6 Qe7 30. Ng4 Rg8 31. Ng5 Qf6 32. Nxf6 1-0

[Event "AUTO-OPEN-858"]
[Site "http://www.queenalice.com/game.php?id=283243"]
[Date "2007.10.8"]
[Round "1"]
[White "johntelker"]
[Black "SheepShagger"]
[Result "1-0"]
[WhiteElo "1779"]
[BlackElo "1384"]

1. d4 e5 2. dxe5 Qe7 3. Nf3 Nc6 4. Bf4 Qb4+ 5. Bd2 Qxb2 6. Nc3 Nb4 7. Rc1 Bc5 8.
Na4 Bxf2+ 9. Kxf2 Qxa2 10. Nc5 Qc4 11. Nd3 Nc6 12. e3 Nh6 13. Be2 Qe4 14. Rf1
Ng4+ 15. Kg1 Nxe3 16. Bxe3 Qxe3+ 17. Kh1 O-O 18. c4 1-0

[Event "AUTO-OPEN-858"]
[Site "http://www.queenalice.com/game.php?id=283244"]
[Date "2007.10.8"]
[Round "1"]
[White "SheepShagger"]
[Black "johntelker"]
[Result "0-1"]
[WhiteElo "1386"]
[BlackElo "1777"]

1. e4 e6 2. Bb5 Ne7 3. d4 c6 4. Be2 d5 5. Nc3 dxe4 6. Nxe4 Ng6 7. Bg5 Be7 8. Nf3
Nd7 9. Nd6+ Kf8 10. Bxe7+ Qxe7 11. Nc4 f6 12. Qd3 Kf7 13. h4 Nf4 14. Qe4 Nxe2
15. Qxe2 Rf8 16. O-O-O Nb6 17. Ne3 Bd7 0-1

[Event "AUTO-OPEN-485"]
[Site "http://www.queenalice.com/game.php?id=349000"]
[Date "2008.2.5"]
[Round "3"]
[White "Kisei"]
[Black "johntelker"]
[Result "1-0"]
[WhiteElo "2115"]
[BlackElo "1813"]

1. e4 e6 2. d4 d5 3. Nc3 dxe4 4. Nxe4 a6 5. Nf3 Nd7 6. Bd3 Ngf6 7. Nxf6+ Nxf6 8.
O-O Be7 9. c3 O-O 10. Qc2 b6 11. Bg5 Bb7 12. Bxf6 Bxf6 13. Bxh7+ Kh8 14. Be4 Bd5
15. Bxd5 exd5 16. Rfe1 Qd6 17. Ne5 Rad8 18. Re3 Rfe8 19. Nxf7+ 1-0

[Event "AUTO-OPEN-485"]
[Site "http://www.queenalice.com/game.php?id=349001"]
[Date "2008.2.5"]
[Round "3"]
[White "johntelker"]
[Black "Kisei"]
[Result "0-1"]
[WhiteElo "1809"]
[BlackElo "2118"]

1. d4 d5 2. Nf3 Nf6 3. Nbd2 e6 4. a3 c5 5. e3 Nc6 6. c3 Qc7 7. Bd3 c4 8. Bc2 Bd6
9. b3 cxb3 10. Bxb3 Na5 11. Rb1 Bd7 12. c4 dxc4 13. Bc2 Bc6 14. O-O c3 15. Nb3
O-O 16. e4 Nxb3 17. Bxb3 Nxe4 18. Be3 Bxa3 0-1

[Event "AUTO-OPEN-405"]
[Site "http://www.queenalice.com/game.php?id=377097"]
[Date "2008.3.25"]
[Round "2"]
[White "johntelker"]
[Black "diego2907"]
[Result "1-0"]
[WhiteElo "1805"]
[BlackElo "1743"]

1. e4 e5 2. Nf3 d6 3. Bc4 h6 4. d3 a6 5. Nc3 Nc6 6. O-O Na5 7. Bb3 Bg4 8. Qe2
Be7 9. Bd2 Nf6 10. Qe3 Nc6 11. Nd5 Nxd5 12. Bxd5 Qd7 13. c3 Na5 14. d4 c6 15.
Bb3 Nxb3 16. axb3 O-O 17. Rfd1 Bg5 18. Qd3 Bxd2 19. Rxd2 exd4 20. Nxd4 Rae8 21.
f3 Bh5 22. c4 c5 23. Nf5 Re6 24. e5 d5 25. Qxd5 Qc7 26. Nd6 Bg6 27. f4 b6 28. f5
Bxf5 29. Nxf5 Rxe5 30. Qf3 Qc8 31. Ne3 Qe6 32. Re1 Rf5 33. Qxf5 Qxf5 34. Nxf5 b5
35. Re7 1-0

[Event "AUTO-OPEN-405"]
[Site "http://www.queenalice.com/game.php?id=377098"]
[Date "2008.3.25"]
[Round "2"]
[White "diego2907"]
[Black "johntelker"]
[Result "0-1"]
[WhiteElo "1504"]
[BlackElo "1813"]

1. e4 c6 2. Bc4 d5 3. exd5 cxd5 4. Bb5+ Bd7 5. Bxd7+ Nxd7 6. d4 Ngf6 7. Nf3 e6
8. Bg5 Be7 9. Nbd2 O-O 10. h3 a6 11. a3 b5 12. O-O Re8 13. c3 Nb6 14. b3 Rc8 15.
Ne5 Rxc3 16. Ndf3 Qc7 17. Bf4 Bd6 18. Bg5 Ne4 19. a4 bxa4 20. bxa4 f6 21. Bxf6
Nxf6 22. Nd3 Ne4 23. Nh4 Qc4 24. Nb2 Qc8 25. Nd3 Nd7 26. Qh5 Rxd3 27. Rfc1 Qd8
28. Nf3 Rc3 29. Rxc3 Nxc3 30. Ng5 h6 31. Nf7 Nf6 32. Qg6 Qe7 33. Nxh6+ Kf8 34.
Ng4 Nxg4 35. Qxg4 Qf6 36. h4 Ne4 37. Ra2 Rb8 38. g3 Rb4 39. Rc2 Rxd4 40. Rc8+
Kf7 0-1

[Event "AUTO-OPEN-405"]
[Site "http://www.queenalice.com/game.php?id=377099"]
[Date "2008.3.25"]
[Round "2"]
[White "johntelker"]
[Black "sergiogvh"]
[Result "0-1"]
[WhiteElo "1817"]
[BlackElo "2303"]

1. e4 e6 2. Nf3 d5 3. exd5 exd5 4. d4 Bg4 5. Be2 Bd6 6. Nbd2 Nf6 7. b3 O-O 8.
O-O Nbd7 9. Bb2 c6 10. Re1 Qc7 11. c4 Rfe8 12. c5 Bf4 13. Qc2 Bxh2+ 14. Kf1 Qf4
15. Bd3 Be6 16. Ne5 Qh6 17. Re3 Bf4 18. Rf3 Bg4 0-1

[Event "AUTO-OPEN-405"]
[Site "http://www.queenalice.com/game.php?id=377100"]
[Date "2008.3.25"]
[Round "2"]
[White "sergiogvh"]
[Black "johntelker"]
[Result "1-0"]
[WhiteElo "2302"]
[BlackElo "1819"]

1. e4 c6 2. d4 d5 3. Nc3 dxe4 4. Nxe4 Bf5 5. Nc5 Qc7 6. Nf3 e6 7. Bd3 Ne7 8. O-O
Nd7 9. Nxd7 Qxd7 10. c3 Bg6 11. Ne5 Qd5 12. Bc4 Qe4 13. Qb3 Rb8 14. Bg5 Qc2 15.
Nxg6 Qxb3 16. axb3 hxg6 17. Rxa7 Nd5 18. Rfa1 Be7 19. Bxd5 Bxg5 20. Rxb7 Rxb7
21. Bxc6+ Rd7 22. Ra7 O-O 23. Bxd7 Bc1 24. Ra2 e5 25. d5 1-0

[Event "AUTO-OPEN-509"]
[Site "http://www.queenalice.com/game.php?id=399313"]
[Date "2008.5.7"]
[Round "3"]
[White "johntelker"]
[Black "muttleychess"]
[Result "0-1"]
[WhiteElo "1817"]
[BlackElo "2276"]

1. d4 Nf6 2. Nf3 d5 3. e3 Nc6 4. Nbd2 g6 5. Be2 Bg7 6. O-O O-O 7. a3 a5 8. b3
Bf5 9. Bb2 Ne4 10. Nxe4 dxe4 11. Ne5 Nxe5 12. dxe5 a4 13. b4 c6 14. c4 Qc7 0-1